000 00849nam a2200241Ia 4500
003 OSt
005 20220923221343.0
006 a|||||r|||| 00| 0
007 ta
008 220922b |||||||| |||| 00| 0 hin d
024 _a197,368
037 _cTextual
040 _aARTS
_cARTS
_bhin
041 _2hin
_ahin
082 _aO152,6NGA:g, M3
100 _aशंकर दयाल सिंह, संपा.
_9160191
245 0 _aबाबूगंगाशरण सिंह वसक्ति या संस्था
246 _aBābūgangāsharaṇ sianha vasakti yā sansthā
260 _aपटना
_b पारिजात प्र्रका0
_c1983
300 _a64पृ.
_ccm.
942 _hO152,6NGA:g, M3
_cTEXL
_2CC
999 _c349239
_d349239